| 000 | 00322nam a2200097Ia 4500 | ||
|---|---|---|---|
| 005 | 20250424112850.0 | ||
| 008 | 250424s9999 xx 000 0 und d | ||
| 300 | _ax, 262 p.:ill. ; 24 cm. | ||
| 650 | _aCommunication--Nigeria--Periodicals. Mass media--Nigeria--Periodicals. Communication. Mass media. Nigeria. | ||
| 942 | _cSR | ||
| 999 |
_c37589 _d37589 |
||